000 00517nam a2200193Ia 4500
003 GCL
008 140319s9999 xx 000 0 ara d
040 _aGCL /
_cGCL
082 0 4 _a273.2
_bا ع
100 1 _aادرثيم
245 1 0 _aعلى هامش سيرة المسيح /
_cادرثيم
700 1 _aالفريد حبيب سعد
300 _a164
490 _a100 قصة
_v0
650 0 4 _aالمسيح
650 0 4 _aالمسيح - تراجم
650 0 4 _aالمسيح - الطفولة
942 _2ddc
_cBK
999 _c45994
_d45994